000 00583nam a22002057a 4500
005 20260423101436.0
008 260423b |||||||| |||| 00| 0 eng d
020 _a9789348179036
040 _cAL
041 _aEnglish
082 _a323.054
_bVERB
100 _aJ K Verma
_9262367
245 _aBharatiya Nagarik Suraksha Sanhita 2023
260 _aLucknow
_bEastern book company
_c2025
300 _a532 p.
_bHB
_c25x16 cm.
365 _a1343
_b₹821.25
_c
_d₹1095.00
_e25%
_f14-03-2026
650 _alaw
_9262368
650 _aCriminal procedure
_9262369
942 _2ddc
_cBK
999 _c241332
_d241332